Gramática filosófica de los tropos: configuración formal e interpretación discursiva de los conflictos conceptuales

שמור ב:
מידע ביבליוגרפי
מחבר ראשי: Prandi, Michele (Author)
פורמט: ספר
שפה:ספרדית
יצא לאור: Madrid Visor Distribuciones 1995
סדרה:Literatura y Debate Crítico, 19
נושאים:
תגים: הוספת תג
אין תגיות, היה/י הראשונ/ה לתייג את הרשומה!

MARC

LEADER 00000nam a2200000 a 4500
001 UCS5586
003 CL-VaPUC
008 970906e19950000SP |||||||||||||||||spa|d
082 0 4 |a 415  |b PRA  |2 21 
100 0 |a Prandi, Michele  |e author  |9 391326 
245 1 0 |a Gramática filosófica de los tropos: configuración formal e interpretación discursiva de los conflictos conceptuales 
300 |a 284 p 
942 |c BK 
945 |d 19970906 00:00:00  |a jquezada 
260 |a Madrid  |b Visor Distribuciones  |c 1995 
650 7 |a TROPOLOGIA  |2 CL-VaPUC  |9 391327 
650 7 |a TROPOS  |2 CL-VaPUC  |9 391328 
650 0 |a Gramática  |9 270497 
650 0 |a Filosofía   |9 223554 
650 0 |a Lingüística  |9 265068 
583 |a last modification  |c 19970906 00:00:00  |k Rodrigo Vera 
490 0 |a Literatura y Debate Crítico, 19 
999 |c 261963  |d 261961 
952 |0 0  |1 0  |4 0  |6 415_000000000000000_PRA_1995  |7 0  |8 A  |9 290039  |a BIBEDU  |b BIBEDU  |d 2019-11-19  |i 333905K  |o 415 PRA 1995  |p 333905K  |r 2019-11-19  |w 2019-11-19  |y BK  |k LIT